000
00337nam a2200157Ia 4500
003
OSt
005
20240101072531.0
008
170524s9999 xx 000 0 und d
020
_a
9780074637364
040
_c
IIMTU
100
_a
Millman J
245
0
_a
Microelectronics
260
_b
TMH New Delhi
260
_c
2007
942
_2
ddc
_c
02
999
_c
4890
_d
4890